| 000 | 01277cam a22003374a 4500 | ||
|---|---|---|---|
| 001 | 14339485 | ||
| 003 | CU66 | ||
| 005 | 20260224162954.0 | ||
| 008 | 060413s2007 maua 001 0 eng | ||
| 010 | _a 2006045351 | ||
| 020 | _a0321357434 | ||
| 035 | _a(OCoLC)ocm67922672 | ||
| 035 | _a(OCoLC)67922672 | ||
| 040 |
_aDLC _cDLC _dYDX _dBAKER _dDLC |
||
| 042 | _apcc | ||
| 050 | 0 | 0 |
_aHF5691 _b.S26 2007 |
| 082 | 0 | 0 |
_a650.01/513 _222 |
| 100 | 1 | _aSalzman, Stanley A. | |
| 245 | 1 | 0 |
_aMathematics for business / _cStanley A. Salzman, Charles D. Miller, Gary Clendenen. |
| 250 | _a8th ed. | ||
| 260 |
_aBoston : _bPearson/Addison Wesley, _cc2007. |
||
| 300 |
_axxvi, 902 p. : _bill. ; _c27 cm. |
||
| 500 | _aIncludes index. | ||
| 650 | 0 | _aBusiness mathematics. | |
| 700 | 1 |
_aMiller, Charles D. _q(Charles David), _d1942-1986. |
|
| 700 | 1 | _aClendenen, Gary. | |
| 856 | 4 | 1 |
_3Table of contents only _uhttp://www.loc.gov/catdir/toc/fy0712/2006045351.html |
| 906 |
_a7 _bcbc _corignew _d1 _eocip _f20 _gy-gencatlg |
||
| 942 |
_2ddc _cBK _n0 |
||
| 999 |
_c8831 _d8831 |
||